[Event "Hebraica op 31st"]
[Site "Hebraica"]
[Date "2023.06.30"]
[Round "2"]
[White "Fernandini, Felipe Piacente"]
[Black "Itagyba, Renan Fortes"]
[Result "0-1"]
[WhiteElo "1477"]
[BlackElo "1732"]
[PlyCount "100"]
[EventDate "2023.06.30"]
[EventType "swiss"]
[EventRounds "6"]
[EventCountry "BRA"]
[SourceTitle "CBM 215 Extra"]
[Source "ChessBase"]
[SourceDate "2023.09.30"]
[SourceVersion "1"]
[SourceVersionDate "2023.09.30"]
[SourceQuality "1"]

1. e4 c5 2. Nf3 d6 3. d4 cxd4 4. Nxd4 Nf6 5. Nc3 g6 6. f3 Bg7 7. Be3 Nc6 8. Qd2 0-0 9. 0-0-0 Nxd4 10. Bxd4 Be6 11. Kb1 Qc7 12. g4 Rfc8 13. h4 Qa5 14. a3 Rab8 15. h5 b5 16. Nxb5 Rxb5 17. Bxb5 Qxb5 18. hxg6 hxg6 19. g5 Nh5 20. Bxg7 Nxg7 21. Rh2 Qc4 22. b3 Qc3 23. Qd3 Nh5 24. Rf2 Nf4 25. Qxc3 Rxc3 26. Rff1 Bh3 27. Rf2 Bg2 28. Rg1 Bh3 29. Kb2 Re3 30. b4 Bd7 31. Rd1 a6 32. Rdd2 Bb5 33. Rh2 Rxf3 34. Rdf2 Rxf2 35. Rxf2 Ne6 36. Rg2 Kf8 37. c3 Bc4 38. a4 Ke8 39. Kc2 Kd7 40. Rg4 Kc6 41. e5 d5 42. Kd2 Kd7 43. Kc2 Ng7 44. Kd2 Nf5 45. Rf4 Ke6 46. b5 axb5 47. a5 Kd7 48. Rxf5 gxf5 49. Ke3 e6 50. Kf4 Kc7 0-1

[Event "Florianopolis op 9th"]
[Site "Florianopolis"]
[Date "2023.01.28"]
[Round "8"]
[White "Rahn, Marlon Cristiano"]
[Black "Fernandini, Felipe Piacente"]
[Result "0-1"]
[WhiteElo "1226"]
[BlackElo "1451"]
[PlyCount "48"]
[EventDate "2023.01.23"]
[EventType "swiss"]
[EventRounds "10"]
[EventCountry "BRA"]
[SourceTitle "CBM 212 Extra"]
[Source "ChessBase"]
[SourceDate "2023.03.31"]
[SourceVersion "1"]
[SourceVersionDate "2023.03.31"]
[SourceQuality "1"]

1. e4 c5 2. Nf3 d6 3. Bc4 Nf6 4. d3 Nc6 5. c3 g6 6. Bg5 Bg7 7. Nbd2 0-0 8. 0-0 a6 9. Bb3 b5 10. Bc2 Rb8 11. Re1 b4 12. c4 Nd7 13. Qc1 Nde5 14. h3 f5 15. exf5 Bxf5 16. Nxe5 Nxe5 17. Ne4 Bxh3 18. f4 Qc8 19. fxe5 Qg4 20. Qd2 Bxe5 21. Bd1 Bd4+ 22. Kh1 Qd7 23. gxh3 Qxh3+ 24. Qh2 Rf1+ 0-1

[Event "Florianopolis op 9th"]
[Site "Florianopolis"]
[Date "2023.01.26"]
[Round "6"]
[White "Dos Santos, Dwlyan Silva"]
[Black "Fernandini, Felipe Piacente"]
[Result "1/2-1/2"]
[WhiteElo "1810"]
[BlackElo "1451"]
[PlyCount "75"]
[EventDate "2023.01.23"]
[EventType "swiss"]
[EventRounds "10"]
[EventCountry "BRA"]
[SourceTitle "CBM 212 Extra"]
[Source "ChessBase"]
[SourceDate "2023.03.31"]
[SourceVersion "1"]
[SourceVersionDate "2023.03.31"]
[SourceQuality "1"]

1. e4 c5 2. Nf3 d6 3. d4 cxd4 4. Nxd4 Nf6 5. Nc3 a6 6. f3 e5 7. Nb3 Be6 8. Be3 Be7 9. Qd2 0-0 10. 0-0-0 b5 11. g4 Nbd7 12. g5 b4 13. Nd5 Nxd5 14. exd5 Bf5 15. Kb1 Rc8 16. Bd3 Bxd3 17. Qxd3 a5 18. h4 a4 19. Nc1 Nc5 20. Qd2 b3 21. cxb3 axb3 22. Bxc5 bxa2+ 23. Ka1 Rxc5 24. Ne2 Qd7 25. Nc3 Rfc8 26. Qd3 Bd8 27. Rc1 Ba5 28. Ne2 Qa4 29. Rxc5 Rxc5 30. Rc1 Rxc1+ 31. Nxc1 Qf4 32. Ne2 Qxh4 33. Qa6 Qe1+ 34. Kxa2 h6 35. Qc8+ Kh7 36. Qf5+ Kg8 37. Qc8+ Kh7 38. Qf5+ 1/2-1/2

[Event "Florianopolis op 9th"]
[Site "Florianopolis"]
[Date "2023.01.24"]
[Round "2"]
[White "De Oliveira, Gustavo Alfredo Bue"]
[Black "Fernandini, Felipe Piacente"]
[Result "1-0"]
[WhiteElo "2150"]
[BlackElo "1451"]
[PlyCount "45"]
[EventDate "2023.01.23"]
[EventType "swiss"]
[EventRounds "10"]
[EventCountry "BRA"]
[SourceTitle "CBM 212 Extra"]
[Source "ChessBase"]
[SourceDate "2023.03.31"]
[SourceVersion "1"]
[SourceVersionDate "2023.03.31"]
[SourceQuality "1"]

1. Nf3 Nf6 2. c4 c5 3. g3 g6 4. Bg2 Bg7 5. 0-0 0-0 6. Nc3 Nc6 7. a3 d6 8. d3 a6 9. Rb1 Rb8 10. Ne1 Nd4 11. b4 b6 12. bxc5 dxc5 13. Bf4 Bb7 14. Bxb8 Bxg2 15. Nxg2 Qxb8 16. e3 Ne6 17. Nd5 Nxd5 18. cxd5 Nc7 19. Qb3 b5 20. Rfc1 Qa7 21. Qc2 Nxd5 22. Qxc5 Qa8 23. e4 1-0

[Event "Hebraica op 29th"]
[Site "Hebraica"]
[Date "2022.11.19"]
[Round "2"]
[White "Dias, Joao Batista de Sou"]
[Black "Fernandini, Felipe Piacente"]
[Result "1-0"]
[WhiteElo "1789"]
[BlackElo "1435"]
[PlyCount "78"]
[EventDate "2022.11.19"]
[EventType "swiss"]
[EventRounds "5"]
[EventCountry "BRA"]
[SourceTitle "CBM 211 Extra"]
[Source "ChessBase"]
[SourceDate "2023.01.31"]
[SourceVersion "1"]
[SourceVersionDate "2023.01.31"]
[SourceQuality "1"]

1. g3 e5 2. Bg2 d5 3. c4 Nf6 4. cxd5 Nxd5 5. Nc3 Nf6 6. d3 Be7 7. Nf3 Nc6 8. 0-0 0-0 9. Bg5 Be6 10. a3 Rb8 11. b4 h6 12. Bd2 a6 13. Qc1 Nd4 14. Nxd4 Qxd4 15. Be3 Qd8 16. Ba7 Ra8 17. Be3 Rb8 18. Na4 b6 19. Qb2 Nd5 20. Bd2 Bf6 21. Qc2 Qd7 22. Rfc1 Rfd8 23. Nb2 Rbc8 24. Nc4 Bh3 25. Bh1 Nf4 26. Bc3 Ng6 27. Bb7 Rb8 28. Be4 b5 29. Na5 Rb6 30. Bd2 Nf4 31. Be3 Re6 32. Nb7 Ree8 33. Nxd8 Rxd8 34. gxf4 Qg4+ 35. Kh1 exf4 36. Rg1 Qh4 37. Bc5 f3 38. Bxf3 Be5 39. d4 Bf4 1-0

[Event "Sao Jose dos Campos op"]
[Site "Sao Jose dos Campos"]
[Date "2022.09.10"]
[Round "4"]
[White "Mangini, Bruno Fernandes"]
[Black "Fernandini, Felipe Piacente"]
[Result "1-0"]
[WhiteElo "1728"]
[BlackElo "1403"]
[PlyCount "109"]
[EventDate "2022.09.08"]
[EventType "swiss"]
[EventRounds "7"]
[EventCountry "BRA"]
[SourceTitle "CBM 210 Extra"]
[Source "ChessBase"]
[SourceDate "2022.11.30"]
[SourceVersion "1"]
[SourceVersionDate "2022.11.30"]
[SourceQuality "1"]

1. d4 d5 2. c4 e6 3. Nc3 Nf6 4. Bg5 Be7 5. Nf3 Nbd7 6. e3 0-0 7. cxd5 exd5 8. Bd3 Re8 9. 0-0 c6 10. Qc2 h6 11. Bh4 Nf8 12. Rab1 a5 13. Ne5 N6d7 14. Bg3 Nxe5 15. Bxe5 Bd6 16. Bg3 Bxg3 17. hxg3 h5 18. Ne2 h4 19. b4 axb4 20. Rxb4 Re6 21. Bf5 Rh6 22. Bxc8 Qxc8 23. gxh4 Qg4 24. Ng3 Qxh4 25. Rfb1 Qh2+ 26. Kf1 Rf6 27. Ne2 g5 28. Rxb7 Qh4 29. Ng1 Qh2 30. Qe2 Ng6 31. R1b2 Re8 32. f3 g4 33. R2b3 gxf3 34. gxf3 Qd6 35. Qg2 Kg7 36. Nh3 Rh8 37. Nf4 Rh6 38. Qg5 Kh7 39. Rb8 Nf8 40. R3b7 Qa3 41. Rb1 Qa6+ 42. Kf2 Qxa2+ 43. R1b2 Qa3 44. R8b3 Qa1 45. Rb1 Qa2+ 46. R3b2 Qa5 47. Rg1 Rh2+ 48. Kg3 Rhh6 49. Rh2 Rxh2 50. Kxh2 Rh6+ 51. Nh3 Ng6 52. Qf6 Qc7+ 53. f4 Qd7 54. f5 Rh4 55. fxg6+ 1-0

[Event "BRA-ch Amateur U1600"]
[Site "Sao Paulo"]
[Date "2022.06.17"]
[Round "4"]
[White "Fernandini, Felipe Piacente"]
[Black "Mangialardo, Gabriel Henrique"]
[Result "0-1"]
[WhiteElo "1395"]
[BlackElo "1591"]
[PlyCount "80"]
[EventDate "2022.06.16"]
[EventType "swiss"]
[EventRounds "7"]
[EventCountry "BRA"]
[SourceTitle "CBM 208 Extra"]
[Source "ChessBase"]
[SourceDate "2022.07.31"]
[SourceVersion "1"]
[SourceVersionDate "2022.07.31"]
[SourceQuality "1"]

1. e4 e5 2. Nf3 Nc6 3. d4 exd4 4. Nxd4 Bc5 5. Be3 Qf6 6. c3 d6 7. Be2 Nge7 8. 0-0 a6 9. Nc2 0-0 10. Bxc5 dxc5 11. Nd2 Rd8 12. Ne3 b6 13. Qc2 Bb7 14. Nf3 Ne5 15. Nxe5 Qxe5 16. Bd3 Ng6 17. g3 b5 18. f4 Qd6 19. Rad1 c4 20. Be2 Qc5 21. Kf2 Re8 22. Bf3 Re7 23. Rfe1 Rae8 24. e5 Bxf3 25. Kxf3 c6 26. Nf5 Re6 27. Nd6 R8e7 28. f5 Nxe5+ 29. Kf4 Rxd6 30. b4 cxb3 31. axb3 Rxd1 32. Rxd1 Nd7 33. Rd4 Qe5+ 34. Kg4 h5+ 35. Kh3 c5 36. Rf4 Nf6 37. Qa2 Nd5 38. Rf2 Qe3 39. Rg2 Qf3 40. Rf2 Nf4+ 0-1

[Event "Rio de Janeiro op"]
[Site "Rio de Janeiro"]
[Date "2022.04.23"]
[Round "4"]
[White "Fernandini, Felipe Piacente"]
[Black "Cardoso, Marcio de Lucca"]
[Result "1-0"]
[WhiteElo "1382"]
[BlackElo "1837"]
[PlyCount "87"]
[EventDate "2022.04.21"]
[EventType "swiss"]
[EventRounds "6"]
[EventCountry "BRA"]
[SourceTitle "EXT 2023"]
[Source "ChessBase"]
[SourceDate "2022.10.05"]
[SourceVersion "1"]
[SourceVersionDate "2022.10.05"]
[SourceQuality "1"]

1. e4 c5 2. Nf3 e6 3. d4 cxd4 4. Nxd4 a6 5. Bd3 Qc7 6. Qe2 d6 7. c4 Nf6 8. Nc3 Be7 9. 0-0 0-0 10. Be3 Nbd7 11. Rac1 b6 12. f3 Bb7 13. Kh1 Rac8 14. b3 Rfe8 15. Qd2 Bf8 16. Nde2 Qb8 17. Ng3 Qa8 18. Qf2 d5 19. Bxb6 Nxb6 20. Qxb6 Bc5 21. Qa5 dxe4 22. Ngxe4 Be7 23. Nxf6+ Bxf6 24. Be4 Red8 25. Rcd1 Qa7 26. Bxb7 Qxb7 27. Ne4 Be7 28. c5 Rd5 29. Rxd5 exd5 30. Nd6 Bxd6 31. cxd6 Qc6 32. d7 Qxd7 33. Qxa6 d4 34. h3 d3 35. Rd1 Rd8 36. Rd2 Qd4 37. Qa5 Re8 38. Qf5 Re1+ 39. Kh2 Qd6+ 40. f4 g6 41. Rxd3 Qa6 42. Rd8+ Kg7 43. Qc8 Qxa2 44. Qc3+ 1-0

[Event "Pocos de Caldas op"]
[Site "Pocos de Caldas"]
[Date "2022.03.12"]
[Round "4"]
[White "Fernandini, Felipe Piacente"]
[Black "Vianna, Tulio Lima"]
[Result "1/2-1/2"]
[WhiteElo "1389"]
[BlackElo "1827"]
[PlyCount "79"]
[EventDate "2022.03.11"]
[EventType "swiss"]
[EventRounds "6"]
[EventCountry "BRA"]
[SourceTitle "CBM 207 Extra"]
[Source "ChessBase"]
[SourceDate "2022.05.31"]
[SourceVersion "1"]
[SourceVersionDate "2022.05.31"]
[SourceQuality "1"]

1. e4 c5 2. Nf3 g6 3. d4 cxd4 4. Qxd4 Nf6 5. e5 Nc6 6. Qd1 Ne4 7. Bd3 Nc5 8. 0-0 Nxd3 9. Qxd3 Bg7 10. Re1 0-0 11. Bf4 d6 12. Nc3 dxe5 13. Nxe5 Qxd3 14. Nxd3 Bxc3 15. bxc3 Bf5 16. h3 Rfd8 17. Nb4 Nxb4 18. cxb4 Rd4 19. Bh6 e6 20. c3 Rd3 21. Rac1 Rc8 22. Red1 f6 23. Kh2 e5 24. g4 Rxd1 25. Rxd1 Be6 26. Rd6 Rc6 27. Rxc6 bxc6 28. a4 g5 29. Kg3 Kf7 30. Kf3 Bd5+ 31. Kg3 a6 32. h4 gxh4+ 33. Kxh4 Kg6 34. Be3 f5 35. gxf5+ Kxf5 36. a5 Ke4 37. Kg4 Kd3 38. Bc5 Kxc3 39. Kg5 Bf3 40. Kh6 1/2-1/2

[Event "Pocos de Caldas op"]
[Site "Pocos de Caldas"]
[Date "2022.03.11"]
[Round "1"]
[White "Lapertosa Viana, Julio"]
[Black "Fernandini, Felipe Piacente"]
[Result "1-0"]
[WhiteElo "1965"]
[BlackElo "1389"]
[PlyCount "57"]
[EventDate "2022.03.11"]
[EventType "swiss"]
[EventRounds "6"]
[EventCountry "BRA"]
[SourceTitle "CBM 207 Extra"]
[Source "ChessBase"]
[SourceDate "2022.05.31"]
[SourceVersion "1"]
[SourceVersionDate "2022.05.31"]
[SourceQuality "1"]

1. d4 d5 2. Nf3 Nf6 3. c4 e6 4. Bg5 Bb4+ 5. Nbd2 0-0 6. e3 h6 7. Bh4 Nbd7 8. a3 Bxd2+ 9. Qxd2 c6 10. Rc1 Re8 11. Be2 dxc4 12. Bxc4 Nf8 13. Ne5 Ne4 14. Bxd8 Nxd2 15. Kxd2 Rxd8 16. Ke2 Nd7 17. Nxd7 Bxd7 18. f4 f5 19. Rhg1 Kf7 20. g4 g6 21. Rg3 Rg8 22. Rcg1 fxg4 23. Rxg4 Kf6 24. R4g3 Be8 25. f5 Bf7 26. fxe6 Bxe6 27. Bxe6 Kxe6 28. Rxg6+ Rxg6 29. Rxg6+ 1-0

[Event "Osasco Carvalho Memorial"]
[Site "Osasco"]
[Date "2022.02.19"]
[Round "2"]
[White "De Souza, Eliana Aparecida"]
[Black "Fernandini, Felipe Piacente"]
[Result "1-0"]
[WhiteElo "1706"]
[BlackElo "1382"]
[PlyCount "105"]
[EventDate "2022.02.18"]
[EventType "swiss"]
[EventRounds "6"]
[EventCountry "BRA"]
[SourceTitle "CBM 207 Extra"]
[Source "ChessBase"]
[SourceDate "2022.05.31"]
[SourceVersion "1"]
[SourceVersionDate "2022.05.31"]
[SourceQuality "1"]

1. e4 c5 2. Nc3 Nc6 3. g3 g6 4. Bg2 Bg7 5. Nge2 d6 6. 0-0 e6 7. d3 Nge7 8. Bg5 0-0 9. Qc1 Rb8 10. a4 a6 11. Bh6 Nd4 12. Nxd4 cxd4 13. Ne2 e5 14. Bxg7 Kxg7 15. h4 h5 16. Kh2 Ng8 17. c3 dxc3 18. Nxc3 Ne7 19. Qe3 Be6 20. d4 Qb6 21. d5 Qxe3 22. fxe3 Bd7 23. Rf2 Ng8 24. Raf1 f6 25. Rc1 Nh6 26. Bf3 Ng4+ 27. Bxg4 Bxg4 28. Kg2 Rbc8 29. Ra1 Bd7 30. Ra3 b5 31. axb5 axb5 32. Ra6 b4 33. Rxd6 Rf7 34. Na2 Rc4 35. b3 Rxe4 36. Kf3 Bf5 37. Rb6 Ra7 38. Nxb4 Rg4 39. Kg2 Ra3 40. Rb7+ Kh6 41. Rxf5 gxf5 42. Nc6 Ra2+ 43. Kh3 Rc2 44. b4 Rc3 45. Ne7 Kg7 46. d6 Kf7 47. Nd5+ Ke8 48. Nxc3 f4 49. gxf4 exf4 50. exf4 Rxf4 51. Nd5 Rf5 52. Nb6 Rb5 53. d7+ 1-0

[Event "Osasco Carvalho Memorial"]
[Site "Osasco"]
[Date "2022.02.19"]
[Round "4"]
[White "Mandaji, Marcelo"]
[Black "Fernandini, Felipe Piacente"]
[Result "0-1"]
[WhiteElo "1800"]
[BlackElo "1382"]
[PlyCount "66"]
[EventDate "2022.02.18"]
[EventType "swiss"]
[EventRounds "6"]
[EventCountry "BRA"]
[SourceTitle "CBM 207 Extra"]
[Source "ChessBase"]
[SourceDate "2022.05.31"]
[SourceVersion "1"]
[SourceVersionDate "2022.05.31"]
[SourceQuality "1"]

1. d4 d5 2. c4 e6 3. cxd5 exd5 4. Nc3 c6 5. Nf3 h6 6. Bf4 Nf6 7. e3 Bg4 8. Be2 Nbd7 9. Ne5 Bxe2 10. Qxe2 Be7 11. 0-0 0-0 12. Rab1 Re8 13. b4 a6 14. a4 Nxe5 15. Bxe5 Bd6 16. f4 Bxe5 17. fxe5 Nd7 18. a5 Qg5 19. e4 f6 20. Rf5 Qg6 21. exd5 Qxf5 22. Rf1 Qg6 23. dxc6 bxc6 24. Qc4+ Kh8 25. Qxc6 Rac8 26. Qxd7 Rxc3 27. e6 Rc2 28. g3 Qe4 29. Qxe8+ Kh7 30. Rf2 Qe1+ 31. Rf1 Qe3+ 32. Kh1 Qe4+ 33. Kg1 Qg2# 0-1

[Event "Taubate op 2nd"]
[Site "Taubate"]
[Date "2021.12.17"]
[Round "3"]
[White "Fernandini, Felipe Piacente"]
[Black "Mendes Domingues, Ribeiro Matheus"]
[Result "0-1"]
[WhiteElo "1315"]
[BlackElo "2110"]
[PlyCount "68"]
[EventDate "2021.12.16"]
[EventType "swiss"]
[EventRounds "6"]
[EventCountry "BRA"]
[SourceTitle "CBM 206 Extra"]
[Source "ChessBase"]
[SourceDate "2022.03.31"]
[SourceVersion "1"]
[SourceVersionDate "2022.03.31"]
[SourceQuality "1"]

1. e4 c5 2. Nf3 e6 3. d4 cxd4 4. Nxd4 Nf6 5. Nc3 Nc6 6. Be3 Bb4 7. Bd3 d5 8. Nxc6 bxc6 9. exd5 exd5 10. Bd2 0-0 11. 0-0 Bg4 12. Ne2 Bd6 13. Qc1 Re8 14. Ng3 c5 15. Bf4 g6 16. Bxd6 Qxd6 17. Re1 Rxe1+ 18. Qxe1 Re8 19. Qd2 Qe5 20. c3 d4 21. h3 Bd7 22. Rd1 Bc6 23. Qc2 Qd5 24. Bf1 Qxa2 25. cxd4 Ba4 26. Qb1 Qxb1 27. Rxb1 cxd4 28. Ra1 Bc2 29. Ne2 d3 30. Nd4 Rd8 31. Nxc2 dxc2 32. Rc1 Rd2 33. f3 Nd5 34. Kh2 Nb4 0-1

[Event "Sao Jose dos Campos IRT op"]
[Site "Sao Jose dos Campos"]
[Date "2020.12.20"]
[Round "4"]
[White "Fernandini, Felipe Piacente"]
[Black "Alves, Danilo Vieira"]
[Result "0-1"]
[WhiteElo "1385"]
[BlackElo "1816"]
[PlyCount "50"]
[EventDate "2020.12.18"]
[EventType "swiss"]
[EventRounds "5"]
[EventCountry "BRA"]
[SourceTitle "EXT 2022"]
[Source "ChessBase"]
[SourceDate "2021.10.06"]
[SourceVersion "1"]
[SourceVersionDate "2021.10.06"]
[SourceQuality "1"]

1. e4 c6 2. d4 d5 3. Nc3 dxe4 4. Nxe4 Nf6 5. Ng3 h5 6. h4 c5 7. N1e2 Nc6 8. Be3 Ng4 9. Qd2 Nxe3 10. fxe3 Qb6 11. 0-0-0 cxd4 12. exd4 g6 13. Nc3 Bh6 14. Qxh6 Rxh6 15. Bb5 Bd7 16. Nge4 0-0-0 17. d5 Nb4 18. Bxd7+ Rxd7 19. Ng5 f6 20. Ne6 Nxd5 21. Nxd5 Qxe6 22. Rhe1 Qg4 23. Nxe7+ Kb8 24. Nd5 Rh8 25. Nxf6 Qf4+ 0-1

[Event "Campos do Jordao op"]
[Site "Campos do Jordao"]
[Date "2020.11.07"]
[Round "2"]
[White "Deus Filho, Joaquim"]
[Black "Fernandini, Felipe Piacente"]
[Result "1-0"]
[WhiteElo "1899"]
[BlackElo "1373"]
[PlyCount "77"]
[EventDate "2020.11.06"]
[EventType "swiss"]
[EventRounds "5"]
[EventCountry "BRA"]
[SourceTitle "CBM 199 Extra"]
[Source "ChessBase"]
[SourceDate "2021.01.31"]
[SourceVersion "1"]
[SourceVersionDate "2021.01.31"]
[SourceQuality "1"]

1. b3 d5 2. Bb2 Nf6 3. e3 c5 4. f4 Nc6 5. Bb5 e6 6. Bxc6+ bxc6 7. Nf3 Be7 8. Ne5 Qd6 9. 0-0 0-0 10. d3 d4 11. e4 Ba6 12. Nd2 Rac8 13. Ndc4 Bxc4 14. Nxc4 Qd8 15. f5 Qc7 16. fxe6 fxe6 17. Qe2 h5 18. h3 Qg3 19. Rf3 Qg6 20. Raf1 Nd7 21. Rxf8+ Rxf8 22. Rxf8+ Kxf8 23. Qe1 Bg5 24. Bc1 Bxc1 25. Qxc1 Qg3 26. Qf1+ Ke7 27. Qf3 Qxf3 28. gxf3 h4 29. f4 e5 30. fxe5 Ke6 31. Kf2 Nxe5 32. Nxe5 Kxe5 33. Kf3 g5 34. Kg4 Kf6 35. a3 a5 36. a4 c4 37. bxc4 c5 38. Kh5 Ke5 39. Kxg5 1-0